| 000 | 00838nam a2200265 a 4500 | ||
|---|---|---|---|
| 005 | 20240906063842.0 | ||
| 008 | 991125s1991 mx 000 0 spa u | ||
| 020 | _a968853191X | ||
| 035 | _aUPN01000012126 | ||
| 040 |
_aMX-MxUPN _bspa _cMX-MxUPN |
||
| 050 | 4 |
_aBF723 C5 _bD44 1991 |
|
| 100 | 1 |
_aDelval Merino, Juan A., _d1941- _934015 |
|
| 245 | 1 | 0 |
_aCrecer y pensar : _bla construcción del conocimiento en la escuela |
| 250 | _a1a Edición | ||
| 260 |
_aMéxico, D.F. : _bEditorial Paidós Mexicana, _c1991. |
||
| 300 |
_a376 páginas : _bilustraciones |
||
| 490 |
_aCuadernos de pedagogía ; _v3 |
||
| 650 | 2 |
_aSociedad y escuela _918233 |
|
| 650 | 4 |
_aDesarrollo infantil _9176 |
|
| 650 | 4 |
_aPsicología educativa _95197 |
|
| 902 | _aNoemiAcosta/111122 | ||
| 905 | _aLibro | ||
| 942 |
_2lcc _cLIBRO _n0 |
||
| 999 |
_c209029 _d209029 |
||